00505nam a2200157Ia 4500008004100000100002000041245008500061245002000146260002500166260000900191300002500200650001600225650001500241999001900256952007200275170224s9999 xx 000 0 und d aLouella Moore  aExploring the Role of Symbolic Legitimation in Voluntary Journal List Adoption  cLouella Moore  bAccounting Education c2015 a24:3, Pages: 256-273 xAccountancy xAccounting c316135d316135 001040aCLbCLd2017-02-24l0r2017-02-24 00:00:00w2017-02-24ySE